000 00556nmm a2200157Ia 4500
008 251105s9999||||xx |||||||||||||||||und||
041 _aspa
100 _aCarpio Castaño, Emilia (coord.)
245 0 _aFormas de expresión y creaciones propias : la competencia cultural y artística
264 _a[Madrid, España] :
_bMinisterio de Educación, Cultura y Deporte de España,
_c2012
300 _a183 páginas
490 _aAulas de verano (Principios)
650 _aEducation
856 _uhttps://public.digitaliapublishing.com/a/17809
942 _cCF
999 _c98450
_d98450